00306nam a2200121 a 4500008004100000050001500041100002000056245003000076246001900106260003200125300001800157350000900175120416s1983 ||||||||||||||||| || u aHM 291 Mon aMontagu, Ashley14aThe dehumanization of man aAshley Mantagu aNew YorkbMcGraw-Hillc1983 axxxvii, 246p. a0.00